| 000 | 00423nam a22001577a 4500 | ||
|---|---|---|---|
| 003 | BD-DhUL | ||
| 005 | 20190718102533.0 | ||
| 008 | 190718snd. ii ||||| |||| 00| 0 urd d | ||
| 040 |
_aBD-DhUL _cBD-DhUL |
||
| 082 |
_a891.431 _bMUS |
||
| 245 | 1 | 0 | _aسراپا سخن / |
| 260 |
_aنول کشور : _bمطبع نامی منشی، _c۔ |
||
| 300 |
_aص۔ ۳۹۶ ؛ _c۲۸ سم۔ |
||
| 650 | 4 | _aUrdu poetry | |
| 942 |
_2ddc _cBK |
||
| 999 |
_c248870 _d248870 |
||